<?xml version="1.0" encoding="UTF-8"?>
<record
    xmlns:xsi="http://www.w3.org/2001/XMLSchema-instance"
    xsi:schemaLocation="http://www.loc.gov/MARC21/slim http://www.loc.gov/standards/marcxml/schema/MARC21slim.xsd"
    xmlns="http://www.loc.gov/MARC21/slim">

  <leader>00849    a2200181   4500</leader>
  <controlfield tag="001">120160</controlfield>
  <datafield tag="020" ind1=" " ind2=" ">
    <subfield code="a">9781443109888</subfield>
  </datafield>
  <datafield tag="040" ind1=" " ind2=" ">
    <subfield code="c">Escola Canadense de Niteroi</subfield>
  </datafield>
  <datafield tag="090" ind1=" " ind2=" ">
    <subfield code="a">ROS</subfield>
  </datafield>
  <datafield tag="100" ind1=" " ind2=" ">
    <subfield code="a">Rosenthal, Amy</subfield>
  </datafield>
  <datafield tag="245" ind1="1" ind2="0">
    <subfield code="a">Aujourd'hui, c'est oui!</subfield>
  </datafield>
  <datafield tag="300" ind1=" " ind2=" ">
    <subfield code="b">il.</subfield>
  </datafield>
  <datafield tag="362" ind1="0" ind2=" ">
    <subfield code="a">2011</subfield>
  </datafield>
  <datafield tag="520" ind1=" " ind2=" ">
    <subfield code="a">Il y une journ&#xE9;e dans l&#x92;ann&#xE9;e, o&#xF9; les enfants peuvent absolument tout demander et la r&#xE9;ponse est oui! Puis-je avoir de la pizza pour d&#xE9;jeuner? Oui! Puis-je veiller tard ce soir? Oui! C'est le jour du Oui!, le plus beau jour de l'ann&#xE9;e! Ce livre plein d'humour invitera les lecteurs &#xE0; bien profiter des petits plaisirs de la vie. Il am&#xE8;nera parents et enfants &#xE0; exprimer leurs souhaits les plus chers... et les plus fous! (Grade Level: Kindergarten-1)</subfield>
  </datafield>
  <datafield tag="650" ind1=" " ind2="4">
    <subfield code="a">Litt&#xE9;rature Pour Enfants</subfield>
  </datafield>
  <datafield tag="650" ind1=" " ind2="4">
    <subfield code="a">Anniversaire</subfield>
  </datafield>
  <datafield tag="942" ind1=" " ind2=" ">
    <subfield code="c">BK</subfield>
  </datafield>
  <datafield tag="952" ind1=" " ind2=" ">
    <subfield code="0">0</subfield>
    <subfield code="1">0</subfield>
    <subfield code="4">0</subfield>
    <subfield code="7">0</subfield>
    <subfield code="a">80.1</subfield>
    <subfield code="b">80.1</subfield>
    <subfield code="d">2024-02-09</subfield>
    <subfield code="l">0</subfield>
    <subfield code="o">ROS</subfield>
    <subfield code="p">A05761</subfield>
    <subfield code="r">2024-02-09 21:15:53</subfield>
    <subfield code="w">2024-02-09</subfield>
    <subfield code="y">BK</subfield>
  </datafield>
  <datafield tag="999" ind1=" " ind2=" ">
    <subfield code="c">120160</subfield>
    <subfield code="d">120160</subfield>
  </datafield>
</record>
